Human molecular genetics (Record no. 361512)

MARC details
000 -LEADER
fixed length control field 00512 a2200205 4500
005 - DATE & TIME
control field 20250321160318.0
008 - FIXED-LENGTH DATA ELEMENTS--GENERAL INFORMATION
fixed length control field 250320b |||||||| |||| 00| 0 eng d
020 ## - ISBN
International Standard Book Number 9789390012367
Price Rs. 1895.00
040 ## - CATALOGING SOURCE
Original cataloging agency VIVEKANANDA LIBRARY
082 ## - DDC NUMBER
Classification number 611.01816
Book Number S64H
100 ## - MAIN ENTRY--PERSONAL NAME
Personal name Singh, Ranjeet Kumar
245 ## - TITLE STATEMENT
Title Human molecular genetics
260 ## - PUBLICATION, DISTRIBUTION, ETC. (IMPRINT)
Name of publisher, distributor, etc Amiga Press
Date of publication, distribution, etc 2021
Place of publication, distribution, etc Delhi
300 ## - PHYSICAL DESCRIPTION
Pages viii, 221
650 ## - Subject
Subject Human Molecular
650 ## - Subject
Subject Genetics
650 ## - Subject
Subject Molecular Genetics
650 ## - Subject
Subject DNA
942 ## - ADDED ENTRY ELEMENTS (KOHA)
Koha item type Books
Holdings
Withdrawn status Lost status Source of classification or shelving scheme Damaged status Not for loan Location (home branch) Sublocation or collection (holding branch) Shelving location Date acquired Koha issues (times borrowed) Koha full call number Accession No. Koha date last seen Koha item type
    Dewey Decimal Classification     VIVEKANANDA LIBRARY VIVEKANANDA LIBRARY Vivekananda Library 18/02/2025   611.01816 S64H 442357 18/02/2025 Books
© Designed and Maintained by Vivekananda Library, MDU Rohtak